Studenmodelle für alle altersstufen

Enregistré dans:
Détails bibliographiques
Auteurs principaux: Koch, Karl (Auteur), Söll, Wolfgang (Auteur)
Format: Livre
Langue:allemand
Publié: Schorndorf Karl Hofmann 1976
Édition:3a. ed
Collection:Schriftenreihe zur Praxis der Leibeserziehung und des Sports, 45
Sujets:
Tags: Ajouter un tag
Pas de tags, Soyez le premier à ajouter un tag!

MARC

LEADER 00000nam a2200000 a 4500
001 UCY9622
003 CL-VaPUC
008 950717e19760000GW |||||||||||||||||ger|d
082 0 4 |a 613.711  |b KOC  |2 21 
100 |a Koch, Karl  |e author  |9 549734 
700 0 |a Söll, Wolfgang  |e author  |9 342013 
245 1 0 |a Studenmodelle für alle altersstufen 
250 |a 3a. ed 
300 |a 231 p 
942 |c BK 
945 |d 19950717 00:00:00  |a cmena 
260 |a Schorndorf  |b Karl Hofmann  |c 1976 
650 7 |a EJERCICIO  |2 CL-VaPUC  |9 310040 
650 7 |a ENTRENAMIENTO ATLETICO  |2 CL-VaPUC  |9 342014 
650 7 |a DEPORTE  |2 CL-VaPUC  |9 342015 
650 0 |a Métodos de enseñanza  |9 270413 
650 0 |a Educación física  |9 240893 
583 |a last modification  |c 20130411 09:55:44  |k Rodrigo Vera 
490 0 |a Schriftenreihe zur Praxis der Leibeserziehung und des Sports, 45 
999 |c 236677  |d 236675 
952 |0 0  |1 0  |4 0  |6 613_711000000000000_KOC_1976  |7 0  |8 P  |9 244935  |a BIBEDU  |b BIBEDU  |c BIBEDU_PB  |d 2019-11-18  |i 1537385  |o 613.711 KOC 1976  |p 1537385  |r 2024-01-25  |w 2019-11-18  |y BK  |k EDU